Complete the Map Snippet VI Quiz Stats

 Plays Quiz Updated Mar 23, 2021

Support Sporcle.
Go Orange.
Score 0/16 Timer 02:00
4 Plays Today
% Correct
Russia
99.3%
Germany
96.9%
Sweden
96.3%
Norway
95.9%
Poland
95.9%
Finland
95.7%
United Kingdom
95.5%
Netherlands
94.2%
% Correct
Denmark
94%
France
94%
Belgium
93.1%
Ukraine
92.3%
Latvia
91%
Estonia
90.6%
Lithuania
89.8%
Belarus
88.2%

You're not logged in!

Compare scores with friends on all Sporcle quizzes.
OR
Log In

From the Vault

'C' Antonyms

by RobPro

Even though antonym just means 'opposite', it always seemed like an angry word.
Remove Ads.
Support Sporcle.
Get the best of Sporcle when you Go Orange. This ad-free experience offers more features, more stats, and more fun while also helping to support Sporcle. Thank you for becoming a member.

Show Comments

Extras

Top Quizzes Today


Score Distribution

Your Account Isn't Verified!

In order to create a playlist on Sporcle, you need to verify the email address you used during registration. Go to your Sporcle Settings to finish the process.

Report this User

Report this user for behavior that violates our Community Guidelines.

Details: